000 01678nmm a2200385 i 4500
001 195501
003 SpMaBN
005 20240621063014.0
007 co*cga||||||||
008 240619s2011 sp i o000 spa
015 _aMON11
017 _aAB 471-2011
_bOficina Depósito Legal Albacete
020 _a9788496800588
035 _a(OCoLC)828318797
035 _aa5270040
040 _aSpMaBN
_bspa
_cSpMaBN
_erdc
_dES-MaACL
080 _a738.33(460.288)
080 _a904(460.288)
100 1 _aAmorós Ruiz, Victoria
_0XX5218231
_9237097
245 1 0 _aContextos cerámicos del siglo VIII en el Tolmo de Minateda
_h[Recurso electrónico] /
_cVictoria Amorós Ruiz
260 _aAlbacete :
_bInstituto de Estudios Albacetenses "Don Juan Manuel" de la Diputación de Albacete,
_c2011.
300 _a1 CD-ROM :
_bson., col. ;
_c12 cm
336 _aPalabra hablada
_aTexto (visual)
_2isbdcontent
337 _aelectrónico
_2isbdmedia
338 _2rdacarrier
_avolumen
504 _aIncluye referencias bibliográficas
538 _aRequerimientos mínimos: Ordenador Pc con Microsoft Windows Xp o superior. Procesador Pentium III a 500 Mhz, 256 Mb. de memoria Ram. Tarjeta de video SVGA que soporte resolución mínima de 1024x768 o un equipo superior.
594 _aTítulo tomado del menú principal
650 7 _aCerámica medieval
_zEl Tolmo de la Minateda (Albacete, Yacimiento)
_2embne
_9237098
651 7 _aEl Tolmo de la Minateda (Albacete, Yacimiento)
_2embne
_9237099
852 _aES-MaACL
_cDES
_j101228588
942 _2udc
_cCDROM
_n0
999 _c195501
_d195501